000 00516 a2200205 4500
001 sjds
003 sjds
005 20240627080806.0
008 240627b |||||||| |||| 00| 0 spa d
020 _a9788495722744
040 _csjds
041 _aspa
100 1 0 _aCalleja, Seve
245 1 0 _aTienes el diablo en el cuerpo /
_cSeve Calleja; dibujos de Marie Nigot.
260 _bAlzira Algar,
_c 2004.
300 _a100 p. :
_b il. ;
_c21 cm.
440 _aCalcetin ;
_n6
700 1 0 _aNigot, Marie.
942 _cBK
999 _c7656
_d7656